[Event "Open B Gorges"]
[Site "?"]
[Date "2019.07.06"]
[Round "1"]
[White "KERVADEC, Jean"]
[Black "DELAFENETRE, Alexandre"]
[Result "0-1"]
[WhiteElo "1445"]
[BlackElo "1740"]
[PlyCount "60"]
[EventDate "2019.07.26"]
[SourceDate "2019.07.26"]

1. d4 Nf6 2. c4 g6 3. g3 Bg7 4. Bg2 d6 5. Nf3 Nbd7 6. O-O O-O 7. Nc3 e5 8. dxe5
dxe5 9. Bg5 h6 10. Bxf6 Bxf6 11. Ne4 Bg7 12. Qc2 f5 13. Nc3 c6 14. Rad1 Qe7 15.
e4 f4 16. Nh4 Qf7 17. Rd6 Nf6 18. Rfd1 g5 19. Nf5 Bxf5 20. exf5 Qxc4 21. Bf1
Qf7 22. b3 Kh8 23. Ne4 Nd5 24. Nc5 Rad8 25. Rg6 Nb4 26. Qb1 Rxd1 27. Qxd1 Qxf5
28. Rd6 fxg3 29. Qd2 gxf2+ 30. Kh1 Qf3+ 0-1

[Event "Open B Gorges"]
[Site "?"]
[Date "2019.07.06"]
[Round "1"]
[White "NICOLAS, Aurore"]
[Black "BOURDEAUX, Angele"]
[Result "0-1"]
[WhiteElo "1419"]
[BlackElo "1700"]
[PlyCount "84"]

1. e4 d6 2. d4 Nf6 3. Nc3 g6 4. f3 Bg7 5. Be3 c6 6. a4 Nbd7 7. Bd3 O-O 8. Nge2
e5 9. Qd2 exd4 10. Nxd4 Re8 11. O-O Ne5 12. Be2 d5 13. exd5 Nxd5 14. Nxd5 Qxd5
15. Nb3 Nc4 16. Bxc4 Qxc4 17. Rab1 Bf5 18. Rfc1 Rad8 19. Qf2 Bxc2 20. Qxc2 Qxc2
21. Rxc2 Rxe3 22. Na5 Rd7 23. b3 Bd4 24. Kf1 Rd3 25. Ke2 Be5 26. Nc4 Bxh2 27.
Kf2 Bf4 28. g3 Bg5 29. f4 Bf6 30. Re2 Kf8 31. Ne5 Bxe5 32. Rxe5 Rd2+ 33. Kf3
R7d3+ 34. Re3 Rxe3+ 35. Kxe3 Rd7 36. Ke4 f5+ 37. Kf3 Kf7 38. Kg2 h6 39. Kh3 g5
40. fxg5 hxg5 41. Rf1 Kg6 42. Rg1 Rd3 0-1

[Event "Open B Gorges"]
[Site "?"]
[Date "2019.07.06"]
[Round "1"]
[White "ALLARD NEDELLEC, Guilhem"]
[Black "FRANCK, Etienne"]
[Result "1-0"]
[WhiteElo "1642"]
[BlackElo "1392"]
[PlyCount "41"]

1. e4 Nc6 2. d4 d5 3. e5 Bf5 4. Nf3 e6 5. Be2 h6 6. O-O g5 7. c3 g4 8. Ne1 h5
9. f3 a6 10. fxg4 hxg4 11. g3 Nxe5 12. dxe5 Bc5+ 13. Kh1 Be4+ 14. Ng2 Nh6 15.
Bxg4 Kd7 16. Bxh6 Rxh6 17. Rxf7+ Kc6 18. Nd2 Qh8 19. Nf1 Rg8 20. b4 Bb6 21.
Qa4# 1-0

[Event "Open B Gorges"]
[Site "?"]
[Date "2019.07.06"]
[Round "1"]
[White "LEBEDEL, Marc"]
[Black "FACHE, Jacques"]
[Result "0-1"]
[WhiteElo "1390"]
[BlackElo "1604"]
[PlyCount "104"]

1. e4 Nf6 2. e5 Nd5 3. d4 Nc6 4. c4 Nb6 5. f4 e6 6. Nf3 d6 7. Nc3 dxe5 8. fxe5
Be7 9. Be2 Bh4+ 10. g3 Be7 11. O-O f6 12. exf6 Bxf6 13. Be3 O-O 14. Ne4 Be7 15.
a3 Nd7 16. b4 Nf6 17. Qd3 Nxe4 18. Qxe4 Bf6 19. Rad1 Ne7 20. Bg5 Rb8 21. Bd3
Ng6 22. Bxf6 Rxf6 23. Ne5 b6 24. Nc6 Bb7 25. Nxd8 Bxe4 26. Bxe4 Rxd8 27. Rf2
Ne7 28. d5 exd5 29. Rxf6 gxf6 30. Bxd5+ Nxd5 31. Rxd5 Rxd5 32. cxd5 Kf7 33. Kf2
Ke7 34. Ke3 Kd6 35. Kd4 b5 36. g4 a6 37. h3 c6 38. dxc6 Kxc6 39. Ke4 Kd6 40.
Kf5 Ke7 41. h4 Kf7 42. h5 Ke7 43. g5 fxg5 44. Kxg5 Kf7 45. h6 Ke6 46. Kg4 Kf6
47. Kh4 Kg6 48. Kg4 Kxh6 49. Kh4 Kg6 50. Kg4 Kf6 51. Kh5 Ke5 52. Kh6 Kd4 0-1

[Event "Open B Gorges"]
[Site "?"]
[Date "2019.07.06"]
[Round "1"]
[White "DIMPRE, Alexis"]
[Black "MARTINI, Lionel"]
[Result "1-0"]
[WhiteElo "1584"]
[BlackElo "1389"]
[PlyCount "75"]

1. d4 d5 2. c4 e6 3. Nf3 Nc6 4. Nc3 Nf6 5. Bg5 h6 6. Bh4 Be7 7. e3 O-O 8. a3 b6
9. Bd3 Ba6 10. cxd5 Bxd3 11. dxc6 Ba6 12. b4 Bc4 13. Ne5 Nd5 14. Bxe7 Qxe7 15.
Nxc4 Nxc3 16. Qc2 Nd5 17. O-O b5 18. Ne5 f5 19. Ng6 Qf6 20. Nxf8 Rxf8 21. Qc5
Qg5 22. Qxb5 f4 23. exf4 Qg4 24. h3 Qh4 25. Qe2 Nxf4 26. Qg4 Qf6 27. g3 Nd5 28.
Rae1 Re8 29. Qh5 Re7 30. Qe5 Qf3 31. Qe2 Qxa3 32. Qc4 Qf3 33. Qa6 Nxb4 34. Qc8+
Kf7 35. Qb7 a5 36. Qb5 Nc2 37. Re3 Qh5 38. Qxh5+ 1-0

[Event "Open B Gorges"]
[Site "?"]
[Date "2019.07.06"]
[Round "1"]
[White "BOUCHER, Daniel"]
[Black "BRECHETEAU, Paul"]
[Result "0-1"]
[WhiteElo "1378"]
[BlackElo "1567"]
[PlyCount "78"]

1. e4 c6 2. b3 d5 3. e5 Bf5 4. d4 e6 5. Bd3 Bxd3 6. Qxd3 Nd7 7. Ne2 h6 8. Bd2
Ne7 9. Bb4 Qb6 10. Bd6 Nf5 11. Bxf8 Nxf8 12. c3 Nd7 13. Ng3 Nxg3 14. Qxg3 O-O
15. O-O c5 16. Nd2 cxd4 17. c4 Qc7 18. f4 Nb6 19. Rac1 dxc4 20. Nxc4 Nxc4 21.
Rxc4 Qb6 22. Kh1 Rac8 23. Rfc1 Rxc4 24. Rxc4 Rd8 25. Qd3 Qa5 26. h3 Qxa2 27.
Ra4 Qf2 28. Rxa7 Qxf4 29. Rxb7 Rc8 30. g3 Qc1+ 31. Kg2 Rc2+ 32. Kf3 Qh1+ 33.
Kg4 Qxb7 34. Qxc2 Qd5 35. b4 d3 36. Qd2 Qe4+ 37. Kh5 Qf5+ 38. Kh4 g5+ 39. Kh5
Qxh3# 0-1

[Event "Open B Gorges"]
[Site "?"]
[Date "2019.07.06"]
[Round "1"]
[White "DELAFENETRE, Franck"]
[Black "DORE, Vincent"]
[Result "1-0"]
[WhiteElo "1555"]
[BlackElo "1370"]
[PlyCount "27"]

1. d4 d5 2. Bf4 Bf5 3. c4 e6 4. Nc3 Nf6 5. Qb3 b6 6. e3 Be7 7. Nb5 Na6 8. Qa4
c6 9. Nd6+ Bxd6 10. Qxc6+ Nd7 11. Bxd6 Qc8 12. cxd5 Qxc6 13. dxc6 Nf6 14. Bxa6
1-0

[Event "Open B Gorges"]
[Site "?"]
[Date "2019.07.06"]
[Round "1"]
[White "ROBLIN, Olivier"]
[Black "VIEL, Jean-Marc"]
[Result "1-0"]
[WhiteElo "1360"]
[BlackElo "1547"]
[PlyCount "73"]

1. e4 e6 2. Qe2 Be7 3. Nf3 d5 4. exd5 exd5 5. g3 Nf6 6. Bg2 O-O 7. O-O b5 8.
Re1 Re8 9. Qxb5 Bd7 10. Qf1 Nc6 11. d4 Rb8 12. Nc3 Nb4 13. Re2 Bf5 14. Qd1 Bd6
15. Be3 Ne4 16. Nxe4 Bxe4 17. a3 Nc6 18. b3 h6 19. Nd2 Bxg2 20. Kxg2 Qf6 21.
Nf3 Re4 22. Qd3 Rb6 23. c4 Re8 24. c5 Bxc5 25. dxc5 Rbb8 26. Rd1 Ne7 27. Bf4
Qc6 28. Ne5 Qb7 29. b4 Rbd8 30. Kg1 c6 31. Rde1 Qc8 32. b5 g5 33. Nxf7 gxf4 34.
Rxe7 Rxe7 35. Rxe7 Rd7 36. Nxh6+ Kf8 37. Qh7 1-0

[Event "Open B Gorges"]
[Site "?"]
[Date "2019.07.06"]
[Round "1"]
[White "LE BAUT, Daniel"]
[Black "VALDMAN, Dmitry"]
[Result "0-1"]
[WhiteElo "1508"]
[BlackElo "1355"]
[PlyCount "96"]

1. e4 e5 2. Nf3 Nc6 3. Bb5 a6 4. Ba4 b5 5. Bb3 Na5 6. O-O Bd6 7. Re1 Nxb3 8.
axb3 c5 9. c3 Nf6 10. d4 Qc7 11. Bg5 Ng8 12. Nbd2 f6 13. Bh4 Ne7 14. Nf1 O-O
15. dxe5 Bxe5 16. Nxe5 Qxe5 17. Bg3 Qe6 18. Qc2 Bb7 19. f3 Rad8 20. Rad1 Qf7
21. Ne3 d5 22. exd5 Nxd5 23. c4 Nxe3 24. Rxe3 Rxd1+ 25. Qxd1 bxc4 26. bxc4 Qxc4
27. Rc3 Qd4+ 28. Qxd4 cxd4 29. Rd3 Rc8 30. Rxd4 Rc1+ 31. Kf2 Rc2+ 32. Ke3 Rxb2
33. Rd1 Bc6 34. Rc1 Bb5 35. Bf2 h6 36. g4 Kh7 37. Bg3 Be8 38. h4 a5 39. Rc7 a4
40. Re7 Bc6 41. f4 Rb3+ 42. Kf2 Rb2+ 43. Ke3 a3 44. Ra7 a2 45. Kd4 Be8 46. g5
Bf7 47. gxf6 Rb1 48. fxg7 a1=Q+ 0-1

[Event "Open B Gorges"]
[Site "?"]
[Date "2019.07.06"]
[Round "1"]
[White "DERUYTER, Alain"]
[Black "GAUTIER, Michel"]
[Result "0-1"]
[WhiteElo "1343"]
[BlackElo "1500"]
[PlyCount "75"]

1. e4 c5 2. Nf3 g6 3. Nc3 Bg7 4. Bc4 Nc6 5. O-O Nf6 6. Re1 O-O 7. Nd5 d6 8. c3
a6 9. d3 Bg4 10. Bg5 Ne5 11. Bb3 Nxf3+ 12. gxf3 Bd7 13. Nf4 h6 14. Bxf6 Bxf6
15. Nxg6 Re8 16. f4 e6 17. Qg4 fxg6 18. Qxg6+ Bg7 19. Kh1 Qf6 20. Qg3 Kh7 21.
Rg1 Rg8 22. e5 dxe5 23. d4 Qxf4 24. Bc2+ Kh8 25. Qg6 Bc6+ 26. Rg2 Bxg2+ 27.
Qxg2 Qg5 28. Qxb7 Rab8 29. Qe4 Qf5 30. Qe2 Qf4 31. d5 exd5 32. Rg1 Rbf8 33. Qd3
Qf3+ 34. Rg2 Qxd3 35. Bxd3 e4 36. Be2 Be5 37. a3 Rxg2 38. Kxg2 0-1

[Event "Open B Gorges"]
[Site "?"]
[Date "2019.07.06"]
[Round "1"]
[White "JOUSSET, Jean-Michel"]
[Black "DESCAMPS, Serge"]
[Result "1/2-1/2"]
[WhiteElo "1445"]
[BlackElo "1313"]
[PlyCount "50"]

1. d4 d5 2. Nf3 Nf6 3. Bf4 c6 4. Nbd2 e6 5. e3 Bd6 6. Bg5 Nbd7 7. Bd3 Qc7 8. c3
O-O 9. Bc2 e5 10. dxe5 Nxe5 11. Bxf6 gxf6 12. Nd4 Bg4 13. Qc1 Ng6 14. h3 Bd7
15. N2f3 Rfe8 16. O-O Qc8 17. h4 Bh3 18. g3 Bxf1 19. Qxf1 Ne5 20. Ne1 Kh8 21.
Bf5 Qc7 22. Qe2 Rg8 23. Ng2 Rae8 24. Nf4 Nd7 25. Qh5 Rg7 1/2-1/2

[Event "Open B Gorges"]
[Site "?"]
[Date "2019.07.06"]
[Round "2"]
[White "DELAFENETRE, Alexandre"]
[Black "DIMPRE, Alexis"]
[Result "1-0"]
[WhiteElo "1740"]
[BlackElo "1584"]
[PlyCount "73"]
[EventDate "2019.??.??"]

1. d4 Nf6 2. Nf3 g6 3. e3 Bg7 4. b3 d6 5. Bb2 O-O 6. Bd3 Nbd7 7. Nbd2 c5 8. O-O
b6 9. c4 Bb7 10. d5 e6 11. e4 exd5 12. exd5 b5 13. Rb1 Nb6 14. a4 bxc4 15. bxc4
Qc7 16. Qc2 Nbd7 17. Ng5 Rab8 18. f4 Rfe8 19. f5 Ne5 20. fxg6 hxg6 21. Bxe5
Rxe5 22. Ndf3 Re7 23. Nh4 Rbe8 24. Bxg6 fxg6 25. Qxg6 Rf8 26. Nf5 Bc8 27. Nxe7+
Qxe7 28. Rb8 Qe3+ 29. Kh1 Qe2 30. Rbb1 Qxc4 31. Rbe1 Bd7 32. Ne6 Bxe6 33. dxe6
Qg4 34. Rxf6 Qxg6 35. Rxg6 Re8 36. e7 Kf7 37. Rxd6 1-0

[Event "Open B Gorges"]
[Site "?"]
[Date "2019.07.06"]
[Round "2"]
[White "BRECHETEAU, Paul"]
[Black "LEGASTELOIS, Julien"]
[Result "1-0"]
[WhiteElo "1567"]
[BlackElo "1723"]
[PlyCount "85"]

1. e4 c6 2. d4 d5 3. exd5 cxd5 4. Bd3 Nf6 5. h3 Nc6 6. c3 Qc7 7. Nf3 e5 8. dxe5
Nxe5 9. Nxe5 Qxe5+ 10. Be3 Bd6 11. Nd2 O-O 12. Nf3 Qe7 13. O-O h6 14. Re1 Qc7
15. Qd2 Ne4 16. Qc2 f5 17. Rad1 Qf7 18. Qb3 Be6 19. Bd4 f4 20. Qc2 Qh5 21. Bxe4
dxe4 22. Qxe4 Rae8 23. Qd3 Bb8 24. Ne5 f3 25. Qg6 Qxg6 26. Nxg6 Rf7 27. Re3 Bd7
28. Rxe8+ Bxe8 29. Re1 Bc6 30. Ne7+ Kh7 31. Nxc6 bxc6 32. gxf3 Rxf3 33. Re7 Kg6
34. Rxg7+ Kh5 35. Kg2 Rd3 36. a4 Bf4 37. a5 Bg5 38. Rxa7 Kh4 39. Rf7 Rd2 40. b4
Ra2 41. Bf6 Kh5 42. Bxg5 hxg5 43. Rc7 1-0

[Event "Open B Gorges"]
[Site "?"]
[Date "2019.07.06"]
[Round "2"]
[White "BOURDEAUX, Angele"]
[Black "DELAFENETRE, Franck"]
[Result "0-1"]
[WhiteElo "1700"]
[BlackElo "1555"]
[PlyCount "60"]

1. e4 c5 2. Nf3 d6 3. Bc4 Nc6 4. c3 Nf6 5. d3 g6 6. Nbd2 Bg7 7. Bb3 O-O 8. O-O
Na5 9. Bc2 Nc6 10. Re1 Ng4 11. Nf1 Nge5 12. Nxe5 Bxe5 13. f4 Bg7 14. g4 b5 15.
f5 b4 16. Bd2 bxc3 17. Bxc3 Nd4 18. fxg6 fxg6 19. Bb3+ Kh8 20. Nd2 Rf4 21. h3
Bxg4 22. hxg4 Qd7 23. Bxd4 Bxd4+ 24. Kh1 Rxg4 25. Nf3 Rh4+ 26. Nh2 Qh3 27. Re2
Rf8 28. Rg2 Rf2 29. Qg1 Rxb2 30. Qf1 Qxh2+ 0-1

[Event "Open B Gorges"]
[Site "?"]
[Date "2019.07.06"]
[Round "2"]
[White "GAUTIER, Michel"]
[Black "ALLARD NEDELLEC, Guilhem"]
[Result "1/2-1/2"]
[WhiteElo "1500"]
[BlackElo "1642"]
[PlyCount "91"]

1. d4 d5 2. Nf3 Nf6 3. e3 e6 4. Bd3 c5 5. b3 Nc6 6. O-O Bd6 7. Bb2 O-O 8. a3 a6
9. Nbd2 b5 10. Ne5 Bb7 11. f4 Qb6 12. Ndf3 cxd4 13. Nxc6 Qxc6 14. Bxd4 Kh8 15.
Ne5 Qc7 16. Rf3 Bc5 17. Rh3 Bxd4 18. exd4 h6 19. g4 Ne4 20. g5 Kh7 21. Qh5 Rae8
22. g6+ Kg8 23. gxf7+ Rxf7 24. Qxf7+ Qxf7 25. Nxf7 Kxf7 26. Re1 Nf6 27. f5 exf5
28. Rxe8 Nxe8 29. Bxf5 Nd6 30. Bd3 Bc8 31. Re3 Be6 32. Kf2 a5 33. b4 a4 34.
Rf3+ Ke7 35. Re3 Kf7 36. Be2 Kf6 37. Rf3+ Ke7 38. Rg3 Ne4+ 39. Kf3 Nxg3 40.
hxg3 Bd7 41. Kf4 Kf6 42. Bd3 g6 43. g4 Be8 44. Be2 Bd7 45. Bd3 Be8 46. Be2
1/2-1/2

[Event "Open B Gorges"]
[Site "?"]
[Date "2019.07.06"]
[Round "2"]
[White "FACHE, Jacques"]
[Black "ROBLIN, Olivier"]
[Result "1-0"]
[WhiteElo "1604"]
[BlackElo "1360"]
[PlyCount "95"]

1. c4 c5 2. g3 Nc6 3. Bg2 d6 4. Nf3 Bf5 5. O-O Nf6 6. d3 e6 7. Nc3 Be7 8. Nh4
Bg4 9. a3 O-O 10. Nf3 a6 11. b4 cxb4 12. axb4 Qd7 13. b5 axb5 14. Rxa8 Rxa8 15.
Nxb5 d5 16. cxd5 Nxd5 17. Bb2 Rc8 18. Nbd4 Nxd4 19. Bxd4 f6 20. e3 Qc7 21. Qb3
Kh8 22. h3 Bxf3 23. Bxf3 Qd7 24. Bg2 Ra8 25. Ra1 Rxa1+ 26. Bxa1 b5 27. Bd4 b4
28. e4 Nc7 29. Be3 Nb5 30. Bf1 h6 31. Qc4 e5 32. Bd2 Na3 33. Qb3 Qd6 34. Be2
Kh7 35. h4 Bf8 36. h5 Qe7 37. Bg4 Nb5 38. Bf5+ Kh8 39. Be3 Nc3 40. Kg2 Nb5 41.
f4 Qc7 42. fxe5 fxe5 43. Qe6 Qe7 44. Qg6 Kg8 45. Qh7+ Kf7 46. Bxh6 Ke8 47. Qg6+
Kd8 48. Bg5 1-0

[Event "Open B Gorges"]
[Site "?"]
[Date "2019.07.06"]
[Round "2"]
[White "VALDMAN, Dmitry"]
[Black "JOUSSET, Jean-Michel"]
[Result "0-1"]
[WhiteElo "1355"]
[BlackElo "1445"]
[PlyCount "74"]

1. e4 d6 2. d4 Nf6 3. Nc3 g6 4. Be3 Bg7 5. Qd2 O-O 6. f3 c6 7. O-O-O b5 8. Bh6
b4 9. Nce2 a5 10. Bxg7 Kxg7 11. Qe3 Qc7 12. Nf4 Na6 13. e5 Nd5 14. Nxd5 cxd5
15. h4 Bf5 16. Bd3 Bxd3 17. Rxd3 Rac8 18. c3 dxe5 19. h5 Rh8 20. Ne2 exd4 21.
Qxd4+ e5 22. Qxd5 Rhd8 23. Qb5 Rxd3 24. Qxd3 Nc5 25. Qc2 Ne6 26. hxg6 hxg6 27.
Qd2 Rh8 28. Rf1 bxc3 29. Nxc3 Rh2 30. Kb1 Nf4 31. Rg1 Qc5 32. Qe1 Qd4 33. Nb5
Qd3+ 34. Kc1 Qxb5 35. Rh1 Nd3+ 36. Kd2 Nxe1 37. Rxh2 Nxf3+ 0-1

[Event "Open B Gorges"]
[Site "?"]
[Date "2019.07.06"]
[Round "2"]
[White "DESCAMP, Serge"]
[Black "KOLLAR, Guillaume"]
[Result "1/2-1/2"]
[WhiteElo "1313"]
[BlackElo "1536"]
[PlyCount "90"]

1. e4 c5 2. Nf3 d6 3. d4 cxd4 4. Nxd4 Nf6 5. Nc3 g6 6. Bd3 Bg7 7. O-O O-O 8.
Be3 Ng4 9. Qd2 Nxe3 10. Qxe3 Nc6 11. Nxc6 bxc6 12. Rab1 Be6 13. Be2 Qa5 14. a3
c5 15. Nd5 Bxd5 16. exd5 Be5 17. c3 Rae8 18. g4 e6 19. f4 Bg7 20. dxe6 Rxe6 21.
Qf3 Qa4 22. Bd3 c4 23. Be4 Qb5 24. f5 gxf5 25. gxf5 Rf6 26. Kh1 Qe5 27. Rg1 d5
28. Bc2 Rh6 29. Qg2 Rd6 30. Rbe1 Qf6 31. Re7 a6 32. Qe2 Rdd8 33. Qg2 Kh8 34.
Re3 Rg8 35. Rg3 Qh6 36. f6 Qxf6 37. Rf1 Qe6 38. Bf5 Qd6 39. Bc2 Rd7 40. Bd1 d4
41. Rg1 f6 42. h4 Qd5 43. Bf3 Qd6 44. h5 h6 45. Rg6 Qf4 1/2-1/2

[Event "Open B Gorges"]
[Site "?"]
[Date "2019.07.06"]
[Round "2"]
[White "VIEL, Jean-Marc"]
[Black "LEBEDEL, Marc"]
[Result "1-0"]
[WhiteElo "1547"]
[BlackElo "1390"]
[PlyCount "85"]

1. e4 a6 2. d4 b5 3. Nf3 Bb7 4. Bd3 Nf6 5. Qe2 e6 6. O-O c5 7. e5 Nd5 8. Be4
cxd4 9. Nxd4 d6 10. exd6 Bxd6 11. Rd1 Qc7 12. g3 O-O 13. c3 Nd7 14. Bg2 N7f6
15. Nd2 Rac8 16. Ne4 Nxe4 17. Qxe4 Rb8 18. Nxe6 Nxc3 19. Nxc7 Nxe4 20. Nxa6
Rbd8 21. Be3 f5 22. Bxe4 Bxe4 23. Nc5 Bxc5 24. Bxc5 Rfe8 25. Kf1 Bd3+ 26. Kg1
Re2 27. b4 Ree8 28. h4 Bc4 29. a3 Kf7 30. Be3 Rd3 31. Rxd3 Bxd3 32. Rc1 Be4 33.
Kf1 Ra8 34. Rc3 Ke6 35. Ke2 Rd8 36. f4 Rd7 37. Bc5 Bd5 38. Ke3 Bc4 39. Bd4 Bd5
40. Rc5 Bc4 41. Re5+ Kf6 42. Rxb5+ Rxd4 43. Rb6+ 1-0

[Event "Open B Gorges"]
[Site "?"]
[Date "2019.07.06"]
[Round "2"]
[White "FRANCK, Etienne"]
[Black "LE BAUT, Daniel"]
[Result "0-1"]
[WhiteElo "1392"]
[BlackElo "1508"]
[PlyCount "144"]

1. e4 c5 2. c4 Nc6 3. f4 g6 4. Nf3 e6 5. Nc3 Bg7 6. d3 Nge7 7. Be3 O-O 8. Bxc5
d6 9. Be3 b6 10. g3 Bb7 11. Bg2 Qc7 12. O-O Rac8 13. h3 Rfd8 14. Nb5 Qb8 15.
Kh2 Bxb2 16. Rb1 Bg7 17. Nbd4 Nxd4 18. Bxd4 Nc6 19. Bxg7 Kxg7 20. Qd2 Qc7 21.
f5 exf5 22. exf5 Ne5 23. Nxe5 dxe5 24. f6+ Kh8 25. Bxb7 Qxb7 26. Qe3 Qc7 27.
Rb5 Re8 28. h4 Re6 29. Qh6 Rg8 30. Rd5 e4 31. Qf4 Qxf4 32. gxf4 exd3 33. Rxd3
Rxf6 34. Rd7 Rc8 35. Rxa7 Rxc4 36. Kg3 h5 37. Rf3 Kg7 38. a4 Re6 39. Rb3 Ree4
40. a5 bxa5 41. Rxa5 Rxf4 42. Raa3 Rxh4 43. Rf3 Rhg4+ 44. Kh3 Rh4+ 45. Kg3
Rcg4+ 46. Kf2 Rf4 47. Kg2 Rxf3 48. Rxf3 Rg4+ 49. Kh3 g5 50. Ra3 Re4 51. Rc3 Kg6
52. Rd3 Re6 53. Ra3 f5 54. Ra8 Re3+ 55. Kg2 g4 56. Rg8+ Kf6 57. Rf8+ Kg5 58.
Rg8+ Kh4 59. Rf8 Kg5 60. Rg8+ Kf4 61. Ra8 h4 62. Ra4+ Re4 63. Ra2 Re3 64. Ra4+
Kg5 65. Kf2 Rh3 66. Kg2 Rb3 67. Ra2 h3+ 68. Kh1 g3 69. Ra1 Rb2 70. Kg1 Kg4 71.
Rc1 h2+ 72. Kh1 Kh3 0-1

[Event "Open B Gorges"]
[Site "?"]
[Date "2019.07.06"]
[Round "2"]
[White "MARTINI, Lionel"]
[Black "KERVADEC, Jean"]
[Result "0-1"]
[WhiteElo "1389"]
[BlackElo "1445"]
[PlyCount "84"]

1. c4 e5 2. Nc3 Nf6 3. Nf3 Nc6 4. g3 b6 5. Bg2 Rb8 6. O-O Bb7 7. Qb3 Bc5 8. Na4
Nd4 9. Nxd4 Bxg2 10. Kxg2 exd4 11. Nxc5 bxc5 12. Qa3 Qe7 13. Qxa7 O-O 14. e3 d3
15. f3 d5 16. cxd5 Nxd5 17. Qa3 Nb4 18. Qc3 Rfd8 19. e4 Qd6 20. b3 Nc2 21. Bb2
f6 22. Rab1 Qb6 23. e5 fxe5 24. Qxe5 Nd4 25. Rbc1 Qb4 26. Rf2 Re8 27. Qd5+ Kf8
28. Qxc5+ Qxc5 29. Rxc5 Nc2 30. Rxc7 Re2 31. Rd7 Ne1+ 32. Kf1 Rbe8 33. Rxe2
Rxe2 34. Rxg7 Nxf3 35. Rxh7 Nxd2+ 36. Kg1 Nf3+ 37. Kf1 Rxb2 38. Rd7 d2 39. Ke2
Ke8 40. Rd3 Nxh2 41. a4 Ng4 42. Kf3 Ne5+ 0-1

[Event "Open B Gorges"]
[Site "?"]
[Date "2019.07.06"]
[Round "2"]
[White "VALDMAN, Andreï"]
[Black "BOUCHER, Daniel"]
[Result "1-0"]
[WhiteElo "1441"]
[BlackElo "1378"]
[PlyCount "131"]

1. e4 e5 2. Nf3 d6 3. d4 Be7 4. dxe5 Bg4 5. exd6 cxd6 6. Bb5+ Nc6 7. Nc3 Nf6 8.
h3 Bh5 9. O-O O-O 10. Be2 Bg6 11. Bd3 h6 12. Re1 Ne5 13. Nd5 Nxf3+ 14. Qxf3
Nxd5 15. exd5 Bxd3 16. Qxd3 Bf6 17. c3 Qb6 18. Qg3 Kh7 19. b3 Qc5 20. Bb2 Qxd5
21. Rad1 Qc5 22. Qxd6 Qxd6 23. Rxd6 Rac8 24. Rd7 Rb8 25. Rb1 Kg8 26. c4 Bg5 27.
Bd4 a6 28. Ba7 Rbd8 29. Rbd1 Rxd7 30. Rxd7 Rd8 31. Rxb7 Bf4 32. g3 Rd1+ 33. Kg2
Bc1 34. Rb8+ Kh7 35. Rb6 a5 36. Ra6 Rd8 37. Rxa5 Ra8 38. Bb6 Rb8 39. Rb5 Rb7
40. Be3 Rxb5 41. cxb5 Ba3 42. Bf4 Bc5 43. Bc7 Kg8 44. b6 Bxb6 45. Bxb6 Kf8 46.
Kf3 Ke7 47. Ke4 Ke6 48. Kd4 Kd6 49. Kc4 Kc6 50. Bd4 g6 51. Kb4 f5 52. Ka5 Kb7
53. Be3 g5 54. Kb5 Kc7 55. a4 Kd6 56. a5 Ke5 57. f4+ Ke4 58. Bc1 g4 59. hxg4
fxg4 60. a6 Kf3 61. a7 Kxg3 62. a8=Q h5 63. Qh1 h4 64. f5 h3 65. f6 Kf2 66. f7
1-0

[Event "Open B Gorges"]
[Site "?"]
[Date "2019.07.06"]
[Round "2"]
[White "DORE, Vincent"]
[Black "NICOLAS, Aurore"]
[Result "1/2-1/2"]
[WhiteElo "1370"]
[BlackElo "1419"]
[PlyCount "73"]

1. d4 d5 2. c4 e6 3. Nc3 Be7 4. cxd5 exd5 5. Nf3 Nf6 6. Bg5 O-O 7. e3 Nbd7 8.
Bd3 b6 9. O-O Bb7 10. Rc1 c5 11. Bb1 Rb8 12. Bf4 Rc8 13. Nb5 Ra8 14. Re1 Nb8
15. Nc7 Nc6 16. Nxa8 Qxa8 17. Be5 cxd4 18. exd4 Re8 19. Bxf6 Bxf6 20. Qc2 g6
21. Rxe8+ Qxe8 22. Re1 Qd8 23. Qd2 Be7 24. a3 Na5 25. Ba2 Bc8 26. Ne5 Be6 27.
b4 Nc4 28. Bxc4 dxc4 29. Nc6 Bg5 30. f4 Qd6 31. fxg5 Qxc6 32. Rc1 b5 33. Qf4 a6
34. Rc3 Bd5 35. Qb8+ Kg7 36. Qe5+ Kg8 37. Qb8+ 1/2-1/2

[Event "Open B Gorges"]
[Site "?"]
[Date "2019.07.06"]
[Round "3"]
[White "BRECHETEAU, Paul"]
[Black "DELAFENETRE, Alexandre"]
[Result "1/2-1/2"]
[WhiteElo "1567"]
[BlackElo "1740"]
[PlyCount "88"]

1. e4 g6 2. d4 Bg7 3. Nc3 d6 4. f4 e5 5. dxe5 dxe5 6. Qxd8+ Kxd8 7. Nf3 Nd7 8.
Bc4 Nh6 9. fxe5 Nb6 10. Bg5+ Ke8 11. Bb3 c6 12. Rd1 Bd7 13. O-O Ng4 14. h3 Nh6
15. Nd4 Rf8 16. e6 fxe6 17. Rxf8+ Bxf8 18. Bxe6 Nf7 19. Bxf7+ Kxf7 20. e5 h6
21. Be3 Nc4 22. Rf1+ Kg7 23. e6 Nxe3 24. Rf7+ Kg8 25. Rxd7 Re8 26. Ne4 Re7 27.
b3 Nd5 28. c4 Nb6 29. Rd8 Kg7 30. Nc5 Rc7 31. Nd7 Be7 32. Re8 Bf6 33. Nxf6 Kxf6
34. Kf2 Re7 35. Rf8+ Ke5 36. Rf7 Nc8 37. Rxe7 Nxe7 38. Ke3 a6 39. b4 b6 40. g3
b5 41. Kd3 Kd6 42. cxb5 axb5 43. Ke4 Nd5 44. a3 Nf6+ 1/2-1/2

[Event "Open B Gorges"]
[Site "?"]
[Date "2019.07.06"]
[Round "3"]
[White "DELAFENETRE, Franck"]
[Black "FACHE, Jacques"]
[Result "0-1"]
[WhiteElo "1555"]
[BlackElo "1604"]
[PlyCount "78"]

1. d4 d5 2. Bf4 Nf6 3. e3 Bf5 4. c4 c6 5. Nc3 e6 6. Qb3 Qb6 7. Qxb6 axb6 8. a3
Nbd7 9. Nf3 Be7 10. Nh4 Bg6 11. f3 Bc2 12. cxd5 Nxd5 13. Nxd5 exd5 14. Rc1
Bxh4+ 15. g3 Bxg3+ 16. hxg3 Bg6 17. Bd6 Nf6 18. Bh3 Nd7 19. Kf2 f5 20. Rhe1
O-O-O 21. b4 b5 22. a4 Nb6 23. Be5 Nxa4 24. g4 Rhf8 25. Bxg7 Rf7 26. gxf5 Bxf5
27. Bxf5+ Rxf5 28. Rh1 h5 29. Rh4 Nb2 30. Ke2 Rg8 31. e4 dxe4 32. fxe4 Rg5 33.
Be5 Rg2+ 34. Ke3 Nc4+ 35. Kd3 Nxe5+ 36. dxe5 R8g3+ 37. Kd4 Rd2+ 38. Kc5 Kc7 39.
Rxh5 b6# 0-1

[Event "Open B Gorges"]
[Site "?"]
[Date "2019.07.06"]
[Round "3"]
[White "JOUSSET, Jean-Michel"]
[Black "GAUTIER, Michel"]
[Result "0-1"]
[WhiteElo "1445"]
[BlackElo "1500"]
[PlyCount "36"]

1. d4 Nf6 2. Nf3 c5 3. d5 e6 4. dxe6 fxe6 5. e3 Nc6 6. Be2 Be7 7. O-O O-O 8. b3
d5 9. Bb2 Qc7 10. h3 e5 11. c4 d4 12. Qc1 e4 13. exd4 exf3 14. Bxf3 Nxd4 15.
Bd5+ Nxd5 16. cxd5 Ne2+ 17. Kh1 Nxc1 18. Bxc1 Qe5 0-1

[Event "Open B Gorges"]
[Site "?"]
[Date "2019.07.06"]
[Round "3"]
[White "ALLARD NEDELLEC, Guilhem"]
[Black "BOURDEAUX, Angele"]
[Result "1-0"]
[WhiteElo "1642"]
[BlackElo "1700"]
[PlyCount "43"]

1. e4 d6 2. d4 Nf6 3. Nc3 g6 4. f3 Bg7 5. Be3 c6 6. Qd2 O-O 7. O-O-O Re8 8. g4
b5 9. h4 a5 10. Nge2 Qc7 11. Ng3 e5 12. h5 b4 13. Nb1 c5 14. d5 Na6 15. g5 Nd7
16. Bh3 Nb6 17. Bxc8 Rexc8 18. hxg6 fxg6 19. Qh2 Bh8 20. Nd2 c4 21. Bxb6 Qxb6
22. Qxh7+ 1-0

[Event "Open B Gorges"]
[Site "?"]
[Date "2019.07.06"]
[Round "3"]
[White "LEGASTELOIS, Julien"]
[Black "VALDMAN, Dmitry"]
[Result "1-0"]
[WhiteElo "1723"]
[BlackElo "1355"]
[PlyCount "53"]

1. d4 Nf6 2. Nc3 d5 3. Bf4 g6 4. Qd2 Bg7 5. h3 O-O 6. Bh6 c5 7. Bxg7 Kxg7 8.
Nf3 cxd4 9. Qxd4 Nc6 10. Qh4 Bf5 11. O-O-O Qa5 12. Nd4 Nxd4 13. Qxd4 Rfd8 14.
g4 e5 15. Qxe5 Re8 16. Qd4 Rac8 17. g5 Rc4 18. gxf6+ Kg8 19. Qxd5 Rxc3 20. bxc3
Qxc3 21. Qb3 Qa1+ 22. Qb1 Rc8 23. Rd8+ Rxd8 24. Qxa1 Rc8 25. Qb2 Rxc2+ 26. Qxc2
Bxc2 27. Kxc2 1-0

[Event "Open B Gorges"]
[Site "?"]
[Date "2019.07.06"]
[Round "3"]
[White "DIMPRE, Alexis"]
[Black "DERUYTER, Alain"]
[Result "1-0"]
[WhiteElo "1584"]
[BlackElo "1343"]
[PlyCount "115"]
[EventDate "2019.??.??"]

1. d4 d5 2. c4 e6 3. Nc3 Nf6 4. Nf3 Be7 5. Bg5 O-O 6. e3 c6 7. Bd3 Nbd7 8. O-O
b6 9. cxd5 cxd5 10. Rc1 Bb7 11. h3 Rc8 12. Bf4 a6 13. a3 Nb8 14. b4 Re8 15. Qe2
Qd7 16. Ne5 Qd8 17. Bh2 Nc6 18. Nxc6 Bxc6 19. Bxa6 Ra8 20. Bb5 Bxb5 21. Nxb5
Rc8 22. f3 Qd7 23. Nc3 Rc4 24. Qb2 Rec8 25. Rf2 Qc6 26. Rfc2 Bd6 27. Bxd6 Qxd6
28. Nb5 Qg3 29. Rxc4 Rxc4 30. a4 Ne4 31. Rf1 Ng5 32. Kh1 Nxh3 33. gxh3 Qxh3+
34. Kg1 Rxb4 35. Qg2 Qh4 36. Ra1 Qh6 37. f4 Qf6 38. Qg5 Qxg5+ 39. fxg5 f6 40.
gxf6 gxf6 41. Kf2 h5 42. Nc7 Kf7 43. Ra3 Rc4 44. Na8 Rb4 45. Kg3 Kg6 46. Nc7
Kf7 47. Kh4 Rb1 48. Kxh5 f5 49. Kg5 Rg1+ 50. Kf4 Rf1+ 51. Ke5 Ke7 52. Nxe6 Rh1
53. Kxd5 Rh8 54. Nf4 Kf6 55. Rb3 Rd8+ 56. Kc6 Rc8+ 57. Kb7 Re8 58. Rxb6+ 1-0